Текст томруулах:    
The other Europe (Бичлэгийн дугаар. 146844)
000 -УДИРДЛАГА
Удирдлага 00740nam a22002417a 4500
003 - ХЯНАЛТЫН ТОО ТОДОРХОЙЛОГЧ
Код MN-UlNUM
005 - БИЧИЛТ ХИЙСЭН ОГНОО
Тухайн бичилтийг бичсэн засварласан сүүлийн огноо 20260401185013.0
008 - ЕРӨНХИЙ МЭДЭЭЛЭЛ
Ерөнхий мэдээлэл 260401s1994 nyuab b 001 0 eng
020 ## - ISBN
ISBN 0070194343
-- 0070194342
040 ## - БИЧЛЭГ ҮҮСГЭГЧ БАЙГУУЛЛАГА
Бичлэг үүсгэгч номын сангийн код МУИС-ийн номын сан
084 ## - ББК АНГИЛАЛ
Нэмэлт тусгалт Нэг сэдэвт бүтээл
ББК ангилал 65.9(4)
Зохиогчийн гурван тэмдэгт E 55
Мэдлэгийн ялгаа 65 - Эдийн засаг
100 ## - ЗОХИОГЧ
Зохиогчийн нэр Engholm, Christopher
245 ## - ҮНДСЭН ГАРЧИГ
Номын нэр The other Europe
Бага гарчгийн мэдээ a complete guide to business opportunities in Eastern Europe
Оролцогчдын тухай мэдээ Christopher Engholm
260 ## - ГАРАЛТЫН МЭДЭЭ
Хэвлэгдсэн газар New York
Хэвлэлийн газар McGraw-Hill
Хэвлэгдсэн он 1994
300 ## - МАТЕРИАЛЫН ТОДОРХОЙЛОЛТ
хуудасны тоо xiv, 361 p. :
Бусад тоон мэдээлэл ill., maps ;
Хэмжээ 24 cm
500 ## - Тайлбар
Дансны дугаар БС 4461
546 ## - ХЭЛНИЙ ТУХАЙ МЭДЭЭ
Хэл Англи хэл дээр,
653 ## - Түлхүүр үг
Түлхүүр үг investments
653 ## - Түлхүүр үг
Түлхүүр үг economic policy
942 ## - ЭЛЕМЕНТИЙН ТӨРӨЛ
Зүйлийн төрөл Ном